000 00456nam a22001457a 4500
020 _qHB.
040 _cFIZZA ISHAQ
082 _a372.4
_bKAT
100 _a Katrina de Hirsch , Jeannette Jansky.
_9134088
245 _aPreventing reading failure : prediction, diagnosis, intervention /
_c Jeannette Jansky, Katrina de Hirsch.
250 _a1st ed.
260 _aNew York :
_bHarper & Row,
_c1972.
300 _axvi, 207 p. ;
_c22 cm.
942 _2ddc
_cBK
999 _c617020
_d617020